Fr. Conceicao Rodrigues College of Engineering

Source book on Forming of Steel Sheet (Record no. 25554)

MARC details
000 -LEADER
fixed length control field 00323nam a2200133Ia 4500
082 ## - DEWEY DECIMAL CLASSIFICATION NUMBER
Classification number 672.823
100 ## - MAIN ENTRY--PERSONAL NAME
Personal name American Society For Metals
245 ## - TITLE STATEMENT
Title Source book on Forming of Steel Sheet
260 ## - PUBLICATION, DISTRIBUTION, ETC.
Name of publisher, distributor, etc. Astme
Place of publication, distribution, etc. Ohio
Date of publication, distribution, etc. 1976
300 ## - PHYSICAL DESCRIPTION
Extent 391
546 ## - LANGUAGE NOTE
Language note ENGLISH
654 ## - SUBJECT ADDED ENTRY--FACETED TOPICAL TERMS
Focus term Source book on forming of steel
942 ## - ADDED ENTRY ELEMENTS (KOHA)
Koha item type Reference Book
Holdings
Withdrawn status Lost status Damaged status Not for loan Collection Home library Current library Shelving location Date acquired Source of acquisition Cost, normal purchase price Inventory number Total Checkouts Full call number Barcode Date last seen Cost, replacement price Price effective from Koha item type
        AFT Fr. Agnel's C.Rodrigues College of Engineering Fr. Agnel's C.Rodrigues College of Engineering   17/03/2023 BBB 210.00 43   672.823 AFT3649 17/03/2023 210.00 17/03/2023 Reference Book